| 000 | 01503nam0a2200349 4500 | ||
|---|---|---|---|
| 001 | RU\NLR\bibl\1253897 | ||
| 005 | 20250615124815.0 | ||
| 010 |
_a978-5-7103-1722-8 _9500 |
||
| 021 |
_aRU _b2008-37534 _92069 |
||
| 035 | _a(NLR Aleph) 001239958 | ||
| 090 |
_a252489 _c252489 |
||
| 100 | _a20080718d2007 |||y0rusy50 ca | ||
| 101 | 0 | _arus | |
| 102 | _aRU | ||
| 105 | _aac ||||||||| | ||
| 200 | 1 |
_aБоевые братья _fМ. Я. Зеленов |
|
| 210 |
_aСаранск _cМордовский университет _d2007 |
||
| 215 |
_a61, [2] с. _cил., портр. _d20 |
||
| 601 | 0 | 2 |
_aЧернобыльская атомная электрическая станция _cПрипять, город; Украина _xАвария _xПоследствия _xЛиквидация _xГерои и героизм _yАтюрьевский район (Мордовия) _92528685 _3RU\NLR\auth\661497927 |
| 606 | 1 |
_aВооруженные конфликты _xГерои и героизм _yАтюрьевский район (Мордовия) _z2-я пол. 20 - нач. 21 вв. _92528682 _3RU\NLR\auth\661497925 |
|
| 686 | 1 | _aТ3(2)74,02 | |
| 686 | 1 | _aЦ35(0)63-424д(2Р-6Мо) | |
| 686 | 1 | _aЦ35(2)7-424д(2Р-6Мо) | |
| 686 | 1 | _aЦ69,6(2)0-243д(2Р-6Мо) | |
| 700 | 1 |
_aЗеленов _bМ. Я. _gМихаил Яковлевич _4070 |
|
| 801 | 0 |
_aRU _bNLR _c20080718 _gRCR |
|
| 801 | 1 |
_aRU _bNLR _c20080718 |
|
| 942 | _cBOOK | ||
| 980 | _aNB | ||
| 980 | _aNBR | ||